Statistiques concernant Dans quel pays se déroulent les Disney

Cliquez ici pour prendre le quiz!

Statistiques générales

  • Ce quiz a été pris 237 fois
  • Le résultat moyen est 17 sur 38

Statistiques - réponses

DisneyLieu% Correct
Dans quel pays se déroule les histoire de " Cendrillon " " La belle au bois dormant " ou encore " Le bossu de Notre Dame " ?France
90%
Dans quel pays asiatique se déroule l'histoire de " Mulan " ?Chine
85%
Dans quel pays se déroule l'action de Coco ?Mexique
83%
Dans quel pays se déroule l'histoire de " Blanche-Neige " ?Allemagne
82%
Dans quel pays se passe les histoires de " Pinocchio " et de " Luca"Italie
80%
Dans quel pays se déroule l'intrigue d'Hercule " ?Grèce
79%
Dans quel pays se déroule " La ferme se rebelle " ?États-Unis
78%
Dans quel pays scandinave se déroule l'histoire de " La reine des neiges " ?Norvège
76%
Dans quel pays d'Amérique du Sud se déroule l'histoire de " Kuzco " ?Pérou
74%
Dans quelle ville se déroulent les histoires de " Oliver & Compagnie " et " Soul " ?New-york
72%
Parmi ses Disney, lequel ne se passe pas en Angleterre : Merlin l'enchanteur, Les 101 Dalmatiens, Raiponce, Peter PanRaiponce
68%
Dans quel état se situe l'histoire de " Lilo & Stitch" ?Hawaï
67%
Au large de quel pays peut on croiser Némo, Marin et Dory ?Australie
65%
Où se passent tous ces Disney : " Alice au pays des merveilles " " Basil, détective privé " " Winnie l'ourson " ou encore " Taram et le chaudron magique " ?Angleterre
63%
Dans quel pays d'Afrique se déroule l'histoire du " Roi Lion " ?Kenya
63%
Dans quel pays se déroule l'histoire de " Rebelle " ?Écosse
61%
Dans quel pays se passe l'action du " Livre de la Jungle " ?Inde
61%
Dans quel pays du Moyen-Orient peut on croiser Aladdin ?Iran
48%
Dans quel État des USA se déroule l'histoire de " Volt " ?Californie
46%
Dans quel état des USA se déroule l'action de " 1001 Pattes " ?Texas
39%
Dans quel mer se déroule l'histoire de l'Atlantide ?Méditerranée
34%
Où se déroule l'histoire de Vaiana ?Polynésie
34%
Dans quelle ville américaine vivent la famille des Indestructibles ?Chicago
31%
Dans quel pays se situent les chutes du paradis évoquées dans " Là-Haut " ?Vénézuela
27%
Dans quel État des USA se déroule l'histoire de " Frère des Ours " ?Alaska
26%
Quel Pixar se déroule dans l'Ohio ?Toy Story
25%
Dans quel États des USA se déroule l'action de " Pocahontas " ?Virginie
24%
Dans quel État des USA se déroule l'histoire de " La princesse et la grenouille " ?La nouvelle Orléans
22%
Dans quelle région française se déroule l'histoire de " La Belle et la Bête" ?Alsace
21%
Dans quel pays d'Afrique peut-on croiser Tarzan ?Nigéria
19%
Quel Disney se passe en Australie ?Bernard et Bianca au pays des Kangourous
18%
Dans quelle ville américaine peut on croiser " Dumbo " ?Miami
18%
Dans quelle ville des États-Unis se déroule l'histoire de " La Belle et le Clochard " ?Boston
14%
Dans quel état américain se déroulent les histoires de " Chicken Little " , " Bienvenue chez les Robinson " et " Rox et Rouky " ?Iowa
12%
Quel Pixar se déroule dans le même état des USA que Volt ?Vice-Versa
12%
Quelles sont les deux mégalopoles qui ont inspiré la ville où se déroule l'histoire des " Nouveaux héros " ?San Francisco et Tokyo
9%
Citez les deux Disney qui se passent à Paris ?Les Aristochats et Ratatouille
5%
Au large de quel mer peut on croiser " La petite sirène " ?Mer des caraïbes
5%

Distribution des résultats

Percentile par nombre de réponses

% des personnes avec chaque résultat

Votre développement - résultats

Vous n’avez pas pris ce quiz